| 000 | 00539nam a2200205 a 4500 | ||
|---|---|---|---|
| 001 | 19366 | ||
| 003 | CO-ViMGA | ||
| 008 | 141112s2004 ck r 000 u spa d | ||
| 020 | _a8426110037 | ||
| 040 |
_aCO-ViMGA _bspa _cCO-ViMGA |
||
| 082 | 0 | 4 | _aHERst |
| 100 | 1 |
_aHerge, _927828 |
|
| 245 | 1 | 0 | _aStock de Coque |
| 260 |
_aBarcelona : _bEd. Juventud; 1998 |
||
| 300 | _a62 p. | ||
| 490 | _aLas Aventuras de Tintin | ||
| 650 | 1 | 4 |
_aCUENTOS INFANTILES DE AVENTURAS _927829 |
| 650 | 1 | 4 |
_aTIRAS COMICAS - HISTORIETAS _927830 |
| 942 |
_2ddc _cBK |
||
| 999 |
_c28523 _d28523 |
||